Statistics for Hercules Characters Quiz

Click here to take the quiz!

General Stats

  • This quiz has been taken 170 times
  • The average score is 9 of 16

Answer Stats

DescriptionCharacter% Correct
The ruler of the UnderworldHades
99%
A hero based on the mythological deity HeraclesHercules
98%
Hercules' fatherZeus
98%
The woman Hercules wants to saveMeg
95%
The winged horsePegasus
91%
A satyr who is always grumpyPhil
83%
Hercules' motherHera
80%
Hades' henchmanPain
68%
Hades' henchmanPanic
68%
A one-eyed giantCyclops
66%
The narrators of the film's storyThe Muses
54%
Hercules' adoptive fatherAmphitryon
9%
One of the Fates who predict Hades' attempt to conquer OlympusClotho
9%
Hercules' adoptive motherAlcmene
8%
One of the Fates who predict Hades' attempt to conquer OlympusAtropos
8%
One of the Fates who predict Hades' attempt to conquer OlympusLachesis
7%

Score Distribution

Percentile by Number Answered

Percent of People with Each Score

Your Score History

You have not taken this quiz